| 000 | 00983nam a2200301 i 4500 | ||
|---|---|---|---|
| 001 | 200462107 | ||
| 003 | TR-AnTOB | ||
| 005 | 20240726155624.0 | ||
| 007 | ta | ||
| 008 | 240726s2001 iq 000 0 eng d | ||
| 035 | _a(TR-AnTOB)200462107 | ||
| 040 |
_aTR-AnTOB _beng _erda _cTR-AnTOB |
||
| 041 | 0 | _aeng | |
| 060 |
_aW 27 _bI65 2001 |
||
| 096 |
_aW27 _bI65 2001 |
||
| 245 | 0 | 0 |
_a1st Iraqi-Turkish medical week : _bhealth 2001 : medicine, medical equipments exhibition & conference : show catalogue. |
| 264 | 1 |
_a[Place of publication not identified] : _bForum Fairs & Promotions Co. Inc., _c2001. |
|
| 300 |
_a42 pages ; _c20 cm |
||
| 336 |
_atext _btxt _2rdacontent |
||
| 337 |
_aunmediated _bn _2rdamedia |
||
| 338 |
_avolume _bnc _2rdacarrier |
||
| 650 | 2 |
_aMedicine _9125126 |
|
| 655 | 2 |
_aExhibition _9146617 |
|
| 655 | 2 |
_aCongress _9131551 |
|
| 711 | 2 |
_aIraqi-Turkish Medical Week _n(1st : _d2001 : _cBaghdad-Iraq) _9146616 |
|
| 942 |
_2NLM _cBK |
||
| 999 |
_c200462107 _d80319 |
||